003570000a22001090004500090001700000245008800017041001400105100003700119942001300156773006100169999001700230 aAsbSeriadas10aGerminación de semillas de Jacaranda copaia bajo condiciones contrastantes de luz0 aEspañol1 aPiedrahita Cardona, Edgar999844 cARTICULO1 tCrónica Forestal y del Medio Ambienteh12q41-46d1997 c15582d15582